000 00198nam a2200085 4500
001 1258765
005 20260327103635.0
245 _aTEMEL-KARADENİZ FIKRALARI
_cDEFNE GÜLER
260 _bÇOCUK GEZGİNİ
999 _c1258765
_d1258765